000 01638nam a22003977a 4500
003 CHAP
005 20220329143845.0
008 120228s2011 mx r 00010 spa d
010 _a102859
011 _a103831
035 _a114520
040 _cCHAP
090 _aTesis
100 1 _aNava Ramírez, Mónica Alondra.
_980467
245 1 0 _aProducción, comercialización y precio de exportación de la fresa de Zamora, Michoacán
_h[En línea]
_c/por Mónica Alondra Nava Ramírez y Xochitl Hernández Herrera
260 _aChapingo, Méx. :
_bEl autor,
_c2011
500 _aPara ver el contenido del material haga clic en la liga
502 _aTesis (Lic. en Comercio Internacional de Productos Agropecuarios) -- UACH. División de Ciencias Económico Administrativas
590 _aALEPH
_b10
_c20130110
_lUCH01
_h1544
590 _aBATCH-UPD
_b10
_c20130110
_lUCH01
_h1042
590 _aBATCH-UPD
_b10
_c20130410
_lUCH01
_h0527
590 _aBATCH-UPD
_b10
_c20130914
_lUCH01
_h1436
590 _aBATCH-UPD
_b10
_c20140324
_lUCH01
_h1530
590 _aBATCH-UPD
_b10
_c20141002
_lUCH01
_h0853
590 _aCONVERSION
_b10
_c20130109
_lUCH01
_h1357
650 1 4 _aFresa
_xExportación.
_943206
650 1 4 _aFresa
_xMercadeo.
_943221
650 1 4 _aFresa
_xPrecios.
_943227
650 1 4 _aFresa
_zMichoacán.
_943237
700 1 _aHernández Herrera, Xochitl.
_954173
856 _3Finding aid
_uhttp://10.13.5.2/tesis/114520.pdf
_zTeclea aqui
901 _aBK
942 _cFOLL
949 _aTesis
_bBC
_cTES
_d33724002321215
_eTS1
_gDonaciØn
_h53383
_i114520
_st
949 _aTesis
_bBC
_cTES
_d33724002321256
_eTS2
_fc.2
_gDonaciØn
_h53384
_i114520
_st
999 _c102859
_d102859